005860000a2200181000450024501110000065000270011165000250013865000190016365000190018265300420020104100130024370000220025670000190027870000190029770000220031610000210033877300450035910aModelling problems in conservation genetics using Drosophila: consequences of fluctuating population sizes14aVariación genética14aBiología molecular14aReproducción14aConservación gDrosophillaeDrosophilla melanogaster0 aInglés1 aMontgomery, M. E.1 aNurthen, R. K.1 aDriscoe, D. A.1 aFrankham, Richard1 aWoodworth, L. M.1 tMolecular Ecology3677h3q393-399d1994